00671 2200193 4500001002100000005001700021008004100038035002400079082001100103090001600114245018900130260003300319300002200352650005200374850001500426980001500441985000600456999001500462YOGYA-0209000001117320090227022114.0 ind  0010-020900000011173 a351.75 a351.75b121 aIzin keramaianbkeputusan bersama mendagri dan menhankam dilengkapi dengan perizinan dan pemberitahuan kegiatan masyarakat kegiatan masyarakat organisasi bermasyarakat kegiatan politik aJakartabSinar Grafikac1996 aix, 98 hlmc21 cm aKeamanan nasional - Undang-undang peraturan dsb aYOPDYOG(B) a24-08-2005 a1 a00P0006846